000
00219 a2200097 4500
001
14063
100
_a
Bryant W.C
245
_a
Grammar without tears
260
_a
Davies H.S
_b
The bodley head
_c
090
_c
11014
_d
11014
942
_a
NUST-CAE
_c
M
_c
1131
999
_c
249136
_d
249136